Normal view
MARC view
- Modern Urdu Literature
Entry Topical Term
001 - CONTROL NUMBER
- control field: 1052
003 - CONTROL NUMBER IDENTIFIER
- control field: NUST
005 - DATE AND TIME OF LATEST TRANSACTION
- control field: 20170518115010.0
008 - FIXED-LENGTH DATA ELEMENTS
- fixed length control field: 170518|| aca||aabn | a|a d
040 ## - CATALOGING SOURCE
- Original cataloging agency: NUST
- Transcribing agency: NUST
150 ## - HEADING--TOPICAL TERM
- Topical term or geographic name entry element: Modern Urdu Literature
670 ## - SOURCE DATA FOUND
- Source citation: Work cat.: (NUST): Haider, Qurat-ul Ain 1051, Roshani kee raftaar /, 2005.
